00648nam a2200193Ia 4500008004100000020001400041082001400055100002200069245006300091250000800154260004500162300002700207500001900234600003300253650001600286942000700302952013000309999001500439240925s9999 xx 000 0 und d a136250475 a519.4 MAT aMathews, John H. 0aNumerical Methods for Mathematics Science and Engineering  a2nd aNew Jersey:bPrintice- Hall Int.c,1992. axxi,950p.bNAfPirated aIncludes Index aHumanities & Natural Science aMathematics cBK 001040708HUMaUITUbUITUd2003-01-21eKhaliq book Binderg459.80l0o519.4 MATpQ4846r2024-09-25 07:13:39w2024-09-25yBK c7345d7345